Score 0/100 Timer 13:00
1 Play Today
#Issues Character % Correct
14.693Superman
96.9%
998Thanos
87.8%
2.593Supergirl
87%
2.882Martian Manhunter
83.5%
6.794Thor Odinson
82.3%
720Gamora
81.5%
1.728Loki Laufeyson
78.3%
1.963Silver Surfer
77.4%
604Groot
77%
1.402Galactus
76.6%
1.149Odin Borson
76.4%
739Rocket Raccoon
76%
776Kilowog
72.4%
745Captain Marvel (Mar-Vell)
72.4%
1.132Darkseid
72.2%
3.404Captain Marvel (Danvers)
70.3%
444Captain Marvel (Noh-Varr)
69.3%
296Tomar Re
67.3%
297Abin Sur
66.9%
447Arisia Rrab
65.9%
634General Dru-Zod
64.6%
925Thaal Sinestro
64.2%
465Salaak
64%
977Brainiac 5
63.8%
1.005Brainiac
63.8%
811Lady Sif
63.8%
395Super-Skrull
61.6%
409Ronan The Accuser
57.9%
564Adam Warlock
56.1%
793Jor-El
54.1%
2.008Venom (Symbiote)
53.5%
501Hela
52.8%
1.568Starfire
52.4%
291Miss Martian
52.4%
#Issues Character % Correct
889Volstagg
52%
801Fandral
51.8%
545Hawkman (Katar Hol)
51.2%
368Hawkwoman (Shayera)
51%
569Heimdall
51%
802Hogun
50.6%
419Doomsday
46.7%
1.440Powergirl
44.9%
931Lilandra Neramani
43.9%
1.077Saturn Girl
43.5%
821Gladiator
43.1%
549Orion
42.5%
462Carnage (Symbiote)
41.9%
889Krypto
41.5%
713Mon-El
41.5%
915Valkyrie
41.3%
698Big Barda
41.3%
693Enchantress
40.6%
694Mr. Miracle
39%
411Annihilus
38.8%
1.185Uatu The Watcher
38.6%
903Lightning Lad
37.8%
802Lobo
37.6%
1.124Warlock
37.2%
430Dormammu
37%
1.022Cosmic Boy
36.2%
755Balder Odinson
36%
439Starfox
33.9%
1.318Phoenix Force
31.5%
723Ares
30.1%
598Lightning Lass
29.3%
1.296Lockheed
27.8%
482Deathbird
27.8%
408Desaad
27.4%
#Issues Character % Correct
760Chameleon Boy
27%
654Phantom Girl
25.6%
550Starman
24%
553Duplicate Girl
23.6%
320Supreme Intelligence
23.6%
467Timber Wolf
23.4%
345Queen Veranke
23%
599Hyperion
22.2%
315Highfather
22.2%
462Mr. Mxyzptlk
22%
660Hepzibah
21.5%
428Ganthet
21.5%
449Howard The Duck
21.1%
715Ultra Boy
20.7%
393Hulkling
19.7%
295Fin Fang Foom
19.3%
430Sersi
18.9%
385Dream Girl
18.7%
585Shrinking Violet
17.7%
419Ch'od
17.5%
469Clea
17.3%
342Dawnstar
17.1%
399Raza Longknife
16.3%
511Element Lad
15.9%
475Shadow Lass
15.7%
728Mera
15.7%
492Lara Lor-Van
13.6%
298Oracle
13.6%
325Metron
11.2%
310Sensor Girl
10.4%
353Warbird
7.5%
338Yz The Thunderbolt
5.3%
Remove Ads.
Support Sporcle.
Get the best of Sporcle when you Go Orange. This ad-free experience offers more features, more stats, and more fun while also helping to support Sporcle. Thank you for becoming a member.

You're not logged in!

Compare scores with friends on all Sporcle quizzes.
OR
Log In

Show Comments

Extras

Top Quizzes Today


Score Distribution

Your Account Isn't Verified!

In order to create a playlist on Sporcle, you need to verify the email address you used during registration. Go to your Sporcle Settings to finish the process.

Report this User

Report this user for behavior that violates our Community Guidelines.

Details: